History Quiz

Random History Quiz

2016 Electoral Map Quiz Stats

 Plays Quiz not verified by Sporcle

Score 0/30 Timer 03:00
0 Plays Today
% Correct
Texas
97.4%
Oklahoma
96.5%
Mississippi
95.8%
Arkansas
95.7%
Nebraska
95.5%
Alabama
95.5%
Kansas
95.5%
Georgia
95.2%
South Dakota
95.2%
Louisiana
94.9%
North Dakota
94.5%
Tennessee
94.3%
Wyoming
93.9%
Florida
93.8%
South Carolina
93.7%
% Correct
Montana
93.5%
Missouri
93.1%
Kentucky
92.4%
North Carolina
91.3%
Idaho
90.8%
Iowa
89.6%
Utah
89.5%
Ohio
89.2%
Michigan
87.1%
Arizona
87.1%
Indiana
86.3%
Wisconsin
85.6%
West Virginia
81.3%
Pennsylvania
78%
Alaska
74.3%

You're not logged in!

Compare scores with friends on all Sporcle quizzes.
OR
Log In

You Might Also Like...

Show Comments

Extras

Top Quizzes Today


Score Distribution

Your Account Isn't Verified!

In order to create a playlist on Sporcle, you need to verify the email address you used during registration. Go to your Sporcle Settings to finish the process.

Report this User

Report this user for behavior that violates our Community Guidelines.

Details: